000 00599nam a22001817a 4500
999 _c18873
_d18873
008 240202b ||||| |||| 00| 0 eng d
020 _a9789351541691
082 _22023
_aDC 641.57
_bP884
100 _aPrakash, Mayank.
_950180
245 _aPractical professional cooking /
_cMayank Prakash.
250 _aRevised edition.
260 _aNew Delhi :
_bVenus Books Publishers & Contributors,
_c©2023.
300 _axi, 379 pages :
_billustrations ;
_c24 cm.
500 _aIncludes references and index.
650 _aQuantity cooking.
_951601
650 _aFood service.
_951602
942 _2ddc
_cDC